000 00809nam a2200253 a 4500
001 BRL_944
005 20190320210950.0
008 281013s1974----u--a######---#000-0#eng-#
020 _a0890130647
041 _aeng
044 _au
050 4 _aNK835.N5
_b.B69 1974
100 1 _aBoyd, E.
_d1903-1974
_925394
245 1 0 _aPopular Arts of Spanish New Mexico
_cE. Boy.
260 _aSanta Fe, New Mexico
_bMuseum of New Mexico Press
_c1974
300 _aviii, 518 p.
_bil. (algunas a color)
_c29 cm.
500 _aAu1000
504 _aBibliografía: p. 484-500
650 1 4 _aArte popular
_zNuevo Mexico
_910820
650 1 4 _aHispanoamericanos
_xVida social y costumbres
_zNuevo Mexico
_925395
650 1 4 _aLatinoamericanos
_xVida social y costumbres
_zNuevo Mexico
_925396
902 _aGRL
942 _2lcc
_cB
999 _c9756
_d9756